000 00501 a2200169 4500
003 Nust
005 20221220115551.0
040 _cNust
082 _a320.1,MOO
100 _aMoodie, A. E.
_9105333
245 _aGeography behind politics /
_cMoodie, A. E.
260 _aLondon,
_bHutchinson University Library
_c [1961]
300 _a178 p. illus.
_b 19 cm.
505 _aThe Scope of Political Geography (Page-7) List of Maps (Page-76)
650 _a politics.
_951824
942 _2ddc
_cBK
_k320.1,MOO
999 _c184911
_d184911